Najlepsze państwa w koszykówce mężczyzn (według kontynentów) - Statystyki

Ogólne statystyki
  • Ten quiz został rozwiązany 65 razy
  • Średni wynik to 4 z 6
Odpowiedzi na mapie
Odpowiedzi zakodowano w zielono-czerwonej skali na mapie do tego quizu, zgodnie z poniższymi procentami.
 
Statystyki odpowiedzi
Punkty Miejsce Kontynent Odpowiedź % Poprawnych
824.4 #1 Ameryka Północna Stany Zjednoczone
100%
599.4 #14 Ameryka Południowa Brazylia
92%
674.8 #7 Australia (Oceania) Australia
90%
726.8 #2 Europa Hiszpania
73%
680.2 #6 Azja Turcja
49%
543.4 #18 Afryka Mali
10%
Nie znaleziono quizów pasujących do podanych kryteriów
Rozkład punktacji
Procent ludzi z każdym wynikiem
Percentyl według liczby udzielonych odpowiedzi
Twoja historia wyników
Nie rozwiązałeś tego quizu